书目信息 |
| 题名: |
气体绝缘金属封闭开关设备安装作业指导书编制要求
|
|
| 作者: | ;国家电网公司 组编 | |
| 分册: | ||
| 出版信息: | 北京 中国电力出版社 2021.4 |
|
| 页数: | 219页 | |
| 开本: | 23cm | |
| 丛书名: | ||
| 单 册: | ||
| 中图分类: | TM564 | |
| 科图分类: | ||
| 主题词: | 气体绝缘材料--金属封闭开关--设备安装--基本知识 | |
| 电子资源: | ||
| ISBN: | 978-7-5123-9435-3 | |
| 000 | 00953nam0 2200241 45 | |
| 001 | 012001003003 | |
| 005 | 20141010153954.0 | |
| 010 | @a978-7-5123-9435-3@dCNY75.00 | |
| 096 | @aTM56@bgjd | |
| 100 | @a20160830d2016 em y0chiy50 ea | |
| 101 | 0 | @achi |
| 102 | @aCN@b110000 | |
| 105 | @aa z 000yy | |
| 106 | @ar | |
| 200 | 1 | @a气体绝缘金属封闭开关设备安装作业指导书编制要求@Aqi ti jue yuan jin shu feng bi kai guan she bei an zhuang zuo ye zhi dao shu bian zhi yao qiu@f国家电网公司基建部组编 |
| 210 | @a北京@c中国电力出版社@d2021.4 | |
| 215 | @a219页@c图@d23cm | |
| 330 | @a本书以规范GIS安装作业指导书的编制与执行为切入点,着力解决当前存在的设备制造厂与安装单位的安装责任界面不清晰、现场安装作业工艺标准执行不严等问题。 | |
| 606 | 0 | @a气体绝缘材料@x金属封闭开关@x设备安装@x基本知识 |
| 690 | @aTM564@v5 | |
| 711 | 02 | @a国家电网公司@Aguo jia dian wang gong si@b基建部@4组编 |
| 801 | 2 | @aCN@bBJSDL@c20211018 |
| 905 | @b1351133-6@dTM564@e65@f4 | |
| 气体绝缘金属封闭开关设备安装作业指导书编制要求/国家电网公司基建部组编.-北京:中国电力出版社,2021.4 |
| 219页:图;23cm |
| ISBN 978-7-5123-9435-3:CNY75.00 |
| 本书以规范GIS安装作业指导书的编制与执行为切入点,着力解决当前存在的设备制造厂与安装单位的安装责任界面不清晰、现场安装作业工艺标准执行不严等问题。 |
| ● |
| 相关链接 |
|
|
|
|
正题名:气体绝缘金属封闭开关设备安装作业指导书编制要求
索取号:TM564/65
 
预约/预借
| 序号 | 登录号 | 条形码 | 馆藏地/架位号 | 状态 | 备注 |
| 1 | 1351133 | 213511332 | 第二样本阅览室/ [索取号:TM564/65] | 在馆 | |
| 2 | 1351134 | 213511341 | 第三借阅区/ [索取号:TM564/65] | 在馆 | |
| 3 | 1351135 | 213511350 | 第三借阅区/ [索取号:TM564/65] | 在馆 | |
| 4 | 1351136 | 213511369 | 第三借阅区/ [索取号:TM564/65] | 在馆 |